000 00319nam a22001457a 4500
008 210309b ||||| |||| 00| 0 eng d
020 _a9781421405629
041 _aeng
080 _a7
082 _a7
100 _a44
101 _aART
245 _aStudies in Eighteenth-Century Culture
_cCody,L
942 _2udc
_cBK
999 _c56047
_d56047